00307nam a2200121Ia 45000030006000000080041000060400015000471000027000622450040000892600027001295460012001560050017001680STCL150530s9999 xx 000 0 und d aSTCLcSTCL aBacon; Vickers; Editor aFrancis Bacon and renaissance prose bUniversity pressc1968 aEnglish20220125171133.0